000 00747cab a2200241 4500
001 WB2813-12
008 090401t1991 xxu||||| |||| 00| 0 eng d
035 _a(Sirsi) u63812
041 _aeng
245 _aIrish property assets
260 _c1991
350 _a0
490 _aIrish Times
_v24 March 1991, 3(2)
520 _aA survey by the Economic and Social Research Institute in Ireland shows that property constitutes most of a household`s assets in the Republic, where home ownership at 80% outstrips that of the UK.
650 _aEIRE
650 _aFARMLAND
650 _aHOME OWNERSHIP
650 _aPROPERTY ASSETS
650 _aREPUBLIC OF IRELAND
690 _aECONOMIC AND SOCIAL
942 _n0
948 _c04/03/1997
999 _c39696
_d39696